00678nam a2200193Ia 4500952014700000999001700147003000400164005001700168008004100185020002300226040000900249082002200258100002500280245004500305260005100350300000900401650002400410942005000434 00102ddc40708ISLAMaMESbMEScISLd2019-02-20g395.00l1o297.352092 NOM/Sp34475r2019-10-01 00:00:00s2019-09-19w2019-02-20yBKzGL46R2 c14449d14449OSt20201019114539.0190216s9999||||xx |||||||||||||| ||und|| a978817223590100395 coclc a297.352092bNOM/S aNomani, Asra Q95890 0aStanding Alone In Mecca /cAsra Q Nomani bHarper Collins Publishers ,c2007.aNew Delhi: a413p aEnglish-Travalogues cBK2ddch297.352092iNOM/Sk297.352092mNOM/S